<?xml version="1.0" encoding="UTF-8"?>
<collection xmlns="http://www.loc.gov/MARC21/slim">
  <record>
    <leader>00000nam  2200000   4500</leader>
    <controlfield tag="001">INLIS000000000012043</controlfield>
    <controlfield tag="005">20220322091538</controlfield>
    <datafield tag="035" ind1="#" ind2="#">
      <subfield code="a">0010-0322000272</subfield>
    </datafield>
    <datafield tag="245" ind1="1" ind2="#">
      <subfield code="a">PROMOSI POTENSI DAERAH BERBASIS WEBSITE (siD Web) Bidang Pengembangan Energi Sumber Daya Mineral dan Promosi Dinas Penanaman Modal dan PTSP Kutai Timur /</subfield>
      <subfield code="c">Muhammad Yani, S.Hut.,M.A.P</subfield>
    </datafield>
    <datafield tag="100" ind1="1" ind2="#">
      <subfield code="a">YANI, Muhammad</subfield>
    </datafield>
    <datafield tag="250" ind1="#" ind2="#">
      <subfield code="a">1</subfield>
    </datafield>
    <datafield tag="300" ind1="#" ind2="#">
      <subfield code="a">59 halaman; lampiran :</subfield>
      <subfield code="b">ilustrasi ;</subfield>
      <subfield code="c">30 cm</subfield>
    </datafield>
    <datafield tag="260" ind1="#" ind2="#">
      <subfield code="a">Samarinda :</subfield>
      <subfield code="b">Puslatbang KDOD,</subfield>
      <subfield code="c">2021</subfield>
    </datafield>
    <datafield tag="084" ind1="#" ind2="#">
      <subfield code="a">PKA 066 2021</subfield>
    </datafield>
    <datafield tag="650" ind1="#" ind2="4">
      <subfield code="a">Proyek Perubahan</subfield>
    </datafield>
    <datafield tag="650" ind1="#" ind2="4">
      <subfield code="a">Administrator</subfield>
    </datafield>
    <datafield tag="650" ind1="#" ind2="4">
      <subfield code="a">Teknologi Informasi</subfield>
    </datafield>
    <datafield tag="650" ind1="#" ind2="4">
      <subfield code="a">sistem informasi</subfield>
    </datafield>
    <datafield tag="650" ind1="#" ind2="4">
      <subfield code="a">aplikasi online</subfield>
    </datafield>
    <datafield tag="650" ind1="#" ind2="4">
      <subfield code="a">hubungan masyarakat</subfield>
    </datafield>
    <datafield tag="650" ind1="#" ind2="4">
      <subfield code="a">promosi pemerintah</subfield>
    </datafield>
    <datafield tag="520" ind1="#" ind2="#">
      <subfield code="a">Laporan proyek perubahan ini menjelaskan tentang belum optimalnya promosi potensi daerah untuk pengembangan investasi di era pandemi yang dibutuhkan agar potensi daerah dapat di branding terekspose secara massif. Proyek Perubahan Promosi Potensi Daerah Berbasis Website (siD Web) menggunakan teknologi informasi adalah sebuah rancangan menu dan konten promosi daerah yang bisa diaplikasikan dalam web serta dikoneksikan dengan media sosial lainnya. Sistem informasi ini akan memainkan peranan penting bagi pemasaran produk daerah dalam menggerakkan perekonomian masyarakat Kutai Timur.</subfield>
    </datafield>
    <datafield tag="500" ind1="#" ind2="#">
      <subfield code="a">Coach : Ika Retna Ningrum&#13;
Penguji : Windra Mariani&#13;
Mentor : Drs. Syahrir, S.Pd., M.A.P</subfield>
    </datafield>
    <datafield tag="990" ind1="#" ind2="#">
      <subfield code="a">PKA/066/2021</subfield>
    </datafield>
  </record>
</collection>
